00458nam a2200181Ia 4500003000400000005001700004008004100021020001500062040000700077082001900084100002400103245003400127260004000161300001500201365001300216650003100229650001600260OSt20230608163145.0210423s2001 xx 000 0 und d a8170339154 cAL a361.3 REAS223 aREAMER (Frederic G) aSocial work values and ethics aNew DelhibRawat Publicationsc2001 axi,247bHB b495cINR aSocial Problems & Services aSocial Work